Postmodern Design Complete /
Salvato in:
| Autori principali: | , , |
|---|---|
| Natura: | Libro |
| Lingua: | inglese |
| Pubblicazione: |
London :
Thames & Hudson Ltd,
2017
|
| Edizione: | 1. vydanie |
| Soggetti: | |
| Tags: |
Nessun Tag, puoi essere il primo ad aggiungerne!!
|
MARC
| LEADER | 00000nam a22000003a 4500 | ||
|---|---|---|---|
| 001 | 0065316 | ||
| 003 | SK-STU | ||
| 005 | 20190328170525.9 | ||
| 007 | ta | ||
| 008 | 180531s ----xo-----e------000-0-----d | ||
| 020 | |a 978-0-500-51914-1 | ||
| 040 | |a STU |b slo | ||
| 041 | 0 | |a eng | |
| 044 | |a xxk | ||
| 100 | 1 | |a Gura, Judith |4 aut | |
| 245 | 1 | 0 | |a Postmodern Design Complete / |c aut. Judith Gura, Charles Jencks, Denis Scott Brown |
| 250 | |a 1. vydanie | ||
| 260 | |a London : |b Thames & Hudson Ltd, |c 2017 | ||
| 300 | |a 480 s. | ||
| 650 | 0 | 7 | |a postmoderná architektúra |
| 650 | 0 | 7 | |a dizajn produktový |
| 650 | 0 | 7 | |a nábytok |
| 650 | 0 | 7 | |a postmoderna |
| 650 | 0 | 7 | |a interiéry |
| 650 | 0 | 7 | |a dejiny architektúry 20.stor. |
| 650 | 0 | 7 | |a dejiny dizajnu |
| 650 | 0 | 7 | |a 20. storočie |
| 650 | 0 | 7 | |a Gehry, Frank O. |
| 650 | 0 | 7 | |a Moore, Charles |
| 650 | 0 | 7 | |a Stirling, James |
| 650 | 0 | 7 | |a Šípek, Bořek |
| 700 | 1 | |a Jencks, Charles |4 aut | |
| 700 | 1 | |a Brown, Denis Scott |4 aut | |
| 996 | |b 284AU07530 |c A* 10778/U |l AAKNST |s P |a 0 |w 0065316_0001 | ||